[Event "CAN-op U1400"]
[Site "Sault Ste Marie CAN"]
[Date "2017.07.16"]
[Round "9"]
[White "Cameron, Brian"]
[Black "Hay, Jonathan"]
[Result "0-1"]
[WhiteElo "900"]
[BlackElo "1002"]
[WhiteFideId "-1"]
[WhiteFideId "-1"]
[PlyCount "66"]
[GameId "2160767908344058"]
[EventDate "2017.07.08"]
[EventType "swiss"]
[EventRounds "9"]
[EventCountry "CAN"]

1. e4 c5 2. e5 Nc6 3. Nf3 a6 4. Bc4 b5 5. Bd5 Qc7 6. O-O e6 7. Bxc6 Qxc6 8. Nc3 d6 9. Re1 b4 10. Ne4 d5 11. Ng3 g6 12. d3 Bh6 13. Bxh6 Nxh6 14. Ng5 d4 15. N5e4 Ke7 16. Qf3 Nf5 17. Nxf5+ gxf5 18. Nf6 Qxf3 19. gxf3 Bb7 20. f4 h5 21. h4 Rh6 22. Kh2 Bf3 23. Rg1 Rg6 24. Rxg6 fxg6 25. Rg1 Kf7 26. Rg3 Bd1 27. Nxh5 Bxh5 28. Rg5 Rh8 29. Kg2 Bd1 30. c3 dxc3 31. bxc3 bxc3 32. Kh3 c2 33. Rg1 c1=Q 0-1

[Event "CAN-op U1400"]
[Site "Sault Ste Marie CAN"]
[Date "2017.07.16"]
[Round "9"]
[White "Chakkoli, Anirud"]
[Black "Jiang, William"]
[Result "1-0"]
[WhiteElo "1174"]
[BlackElo "659"]
[WhiteFideId "-1"]
[WhiteFideId "-1"]
[PlyCount "93"]
[GameId "2160767908344059"]
[EventDate "2017.07.08"]
[EventType "swiss"]
[EventRounds "9"]
[EventCountry "CAN"]
[SourceTitle "EXT 2022"]
[Source "ChessBase"]
[SourceDate "2021.10.06"]
[SourceVersion "1"]
[SourceVersionDate "2021.10.06"]
[SourceQuality "1"]

1. e4 c5 2. Nf3 d6 3. d4 cxd4 4. Nxd4 Nf6 5. Nc3 a6 6. Be3 b5 7. a4 b4 8. Nce2 Nxe4 9. g3 Bb7 10. Bg2 Nc5 11. Nf3 Nc6 12. O-O Ne5 13. Nxe5 dxe5 14. Bxc5 Bxg2 15. Qxd8+ Rxd8 16. Kxg2 Rd2 17. Rfe1 Rxc2 18. Bxb4 Rxb2 19. Rab1 Ra2 20. Nc3 Rc2 21. Rxe5 f6 22. Re2 Rxe2 23. Nxe2 Kf7 24. Rd1 Ke6 25. f4 Kf5 26. Kf3 h5 27. Nd4+ Kg6 28. Rc1 h4 29. g4 h3 30. Rc6 Rh4 31. Nf5 Rh7 32. Rxa6 Kf7 33. Ra7 Ke6 34. Ke4 g6 35. Nd4+ Kf7 36. Rb7 Ke8 37. a5 Kd8 38. a6 Kc8 39. Ne6 Bg7 40. Rxe7 Kb8 41. a7+ Ka8 42. Bc5 f5+ 43. gxf5 gxf5+ 44. Kxf5 Rh5+ 45. Kg6 Bf8 46. Re8+ Kb7 47. a8=Q# 1-0

[Event "CAN-op U1400"]
[Site "Sault Ste Marie CAN"]
[Date "2017.07.16"]
[Round "9"]
[White "Chen, Derek1"]
[Black "Joseph Benher, Savio"]
[Result "1-0"]
[WhiteElo "1336"]
[BlackElo "1334"]
[WhiteFideId "-1"]
[WhiteFideId "-1"]
[PlyCount "81"]
[GameId "2160767908344060"]
[EventDate "2017.07.08"]
[EventType "swiss"]
[EventRounds "9"]
[EventCountry "CAN"]
[SourceTitle "EXT 2022"]
[Source "ChessBase"]
[SourceDate "2021.10.06"]
[SourceVersion "1"]
[SourceVersionDate "2021.10.06"]
[SourceQuality "1"]

1. e4 e6 2. d4 d5 3. Nc3 dxe4 4. Nxe4 Nd7 5. Bd3 Be7 6. Nf3 Ngf6 7. Qe2 O-O 8. Bg5 b6 9. Nxf6+ Nxf6 10. Bxf6 Bxf6 11. Qe4 g6 12. Qxa8 Qd6 13. c3 c6 14. Qxa7 c5 15. Qa3 Bb7 16. Be2 Bd5 17. c4 Bxf3 18. dxc5 Qe5 19. Qxf3 Qxb2 20. O-O bxc5 21. a4 Bc3 22. a5 Qd2 23. Rfd1 Qc2 24. Rdc1 Qd2 25. Rxc3 Qb2 26. Rcc1 f5 27. a6 e5 28. Qd5+ Kh8 29. a7 Qxe2 30. a8=Q Rxa8 31. Rxa8+ Kg7 32. Qg8+ Kh6 33. Ra7 Qb2 34. Rxh7+ Kg5 35. h4+ Kf4 36. g3+ Kf3 37. Qd5+ Kg4 38. Qd1+ Kh3 39. h5 Qxc1 40. hxg6+ Qh6 41. Rxh6# 1-0

[Event "CAN-op U1400"]
[Site "Sault Ste Marie CAN"]
[Date "2017.07.16"]
[Round "9"]
[White "Gaur, Shivan"]
[Black "Chen, Andrew2"]
[Result "1-0"]
[WhiteElo "1281"]
[BlackElo "1009"]
[WhiteFideId "-1"]
[WhiteFideId "-1"]
[PlyCount "51"]
[GameId "2160767908344062"]
[EventDate "2017.07.08"]
[EventType "swiss"]
[EventRounds "9"]
[EventCountry "CAN"]
[SourceTitle "EXT 2022"]
[Source "ChessBase"]
[SourceDate "2021.10.06"]
[SourceVersion "1"]
[SourceVersionDate "2021.10.06"]
[SourceQuality "1"]

1. d4 Nf6 2. c4 e6 3. Nf3 d5 4. Nc3 Nc6 5. Bg5 h6 6. Bxf6 Qxf6 7. cxd5 exd5 8. Nxd5 Qd6 9. Nc3 a6 10. e3 Be7 11. Bd3 Bg4 12. O-O O-O-O 13. a3 Qd7 14. d5 Nb8 15. Qc2 Bxf3 16. Bf5 Bh5 17. Bxd7+ Rxd7 18. Na4 Rxd5 19. Nb6+ Kd8 20. Nxd5 c6 21. Nxe7 Kxe7 22. Qc5+ Ke6 23. Qxh5 g6 24. Qg4+ Kd5 25. Rfd1+ Kc5 26. Qb4# 1-0

[Event "CAN-op U1400"]
[Site "Sault Ste Marie CAN"]
[Date "2017.07.16"]
[Round "9"]
[White "Jiang, Kate"]
[Black "Wang, Daniel1"]
[Result "1-0"]
[WhiteElo "875"]
[BlackElo "1285"]
[WhiteFideId "-1"]
[WhiteFideId "-1"]
[PlyCount "87"]
[GameId "2160767908344063"]
[EventDate "2017.07.08"]
[EventType "swiss"]
[EventRounds "9"]
[EventCountry "CAN"]
[SourceTitle "EXT 2022"]
[Source "ChessBase"]
[SourceDate "2021.10.06"]
[SourceVersion "1"]
[SourceVersionDate "2021.10.06"]
[SourceQuality "1"]

1. e4 c5 2. c3 Nf6 3. e5 Nd5 4. d4 cxd4 5. cxd4 e6 6. Nf3 d6 7. Be2 dxe5 8. dxe5 Bb4+ 9. Bd2 Bxd2+ 10. Nbxd2 O-O 11. O-O b6 12. Rc1 Ba6 13. Bxa6 Nxa6 14. Ne4 Qe7 15. a3 Rac8 16. Qd2 h6 17. Nd4 f6 18. f4 Rxc1 19. Rxc1 Nc5 20. Nd6 fxe5 21. fxe5 Rf4 22. Re1 Qg5 23. Qd1 Ne3 24. Rxe3 Rf1+ 25. Kxf1 Qxe3 26. Nf3 Nd3 27. Qd2 Qxd2 28. Nxd2 Nxe5 29. Ke2 Kf8 30. b4 Nc6 31. b5 Nd4+ 32. Kd3 e5 33. N2c4 Ke7 34. Nc8+ Ke6 35. Nxa7 Kd5 36. Nxb6+ Kc5 37. Na4+ Kd5 38. b6 Kd6 39. Nc5 g5 40. b7 Kc7 41. a4 Kb8 42. Nc8 Nc6 43. Nb6 Ka7 44. Nbd7 1-0

[Event "CAN-op U1400"]
[Site "Sault Ste Marie CAN"]
[Date "2017.07.16"]
[Round "9"]
[White "Locham, Divjot"]
[Black "Yang, Henry"]
[Result "1-0"]
[WhiteElo "1119"]
[BlackElo "1318"]
[WhiteFideId "-1"]
[WhiteFideId "-1"]
[PlyCount "111"]
[GameId "2160767908344064"]
[EventDate "2017.07.08"]
[EventType "swiss"]
[EventRounds "9"]
[EventCountry "CAN"]
[SourceTitle "EXT 2022"]
[Source "ChessBase"]
[SourceDate "2021.10.06"]
[SourceVersion "1"]
[SourceVersionDate "2021.10.06"]
[SourceQuality "1"]

1. e4 e5 2. Nf3 Nc6 3. Nc3 Nf6 4. Be2 Bc5 5. Nxe5 Nxe5 6. d4 Bxd4 7. Qxd4 Nc6 8. Qd1 h6 9. O-O O-O 10. Bf4 Re8 11. Bf3 d6 12. Re1 Be6 13. Nd5 Bxd5 14. exd5 Ne7 15. c4 Ng6 16. Bg3 Rxe1+ 17. Qxe1 Qe8 18. Kf1 Kf8 19. Qxe8+ Rxe8 20. Re1 Rxe1+ 21. Kxe1 Ke7 22. c5 Nd7 23. c6 bxc6 24. dxc6 Nde5 25. Be4 Ke6 26. f4 d5 27. Bc2 Nxf4 28. Bxf4 Nxc6 29. Bxc7 Nb4 30. Bb1 d4 31. a3 Nd5 32. Bb8 a6 33. Ba2 f5 34. Kd2 g5 35. Kd3 f4 36. Kxd4 g4 37. Bxd5+ Kf5 38. b4 h5 39. Bc7 h4 40. Be4+ Kg5 41. Bd8+ Kh5 42. Ke5 f3 43. gxf3 g3 44. h3 Kh6 45. Bxh4 g2 46. Bf2 Kg7 47. f4 Kh8 48. Bb7 Kg7 49. Bxa6 Kh8 50. b5 Kg7 51. b6 Kh8 52. b7 Kg7 53. a4 Kh8 54. b8=Q+ Kh7 55. Bd3+ Kh6 56. Qh8# 1-0

[Event "CAN-op U1400"]
[Site "Sault Ste Marie CAN"]
[Date "2017.07.16"]
[Round "9"]
[White "Lu, Lucas Yunkun"]
[Black "Yuan, Henry"]
[Result "1-0"]
[WhiteElo "1299"]
[BlackElo "961"]
[WhiteFideId "-1"]
[WhiteFideId "-1"]
[PlyCount "93"]
[GameId "2160767908344065"]
[EventDate "2017.07.08"]
[EventType "swiss"]
[EventRounds "9"]
[EventCountry "CAN"]
[SourceTitle "EXT 2022"]
[Source "ChessBase"]
[SourceDate "2021.10.06"]
[SourceVersion "1"]
[SourceVersionDate "2021.10.06"]
[SourceQuality "1"]

1. e4 e6 2. d4 d5 3. exd5 exd5 4. Nf3 Nf6 5. Bf4 Bd6 6. Bxd6 Qxd6 7. Bd3 O-O 8. O-O Nc6 9. c3 Bg4 10. Nbd2 Rfe8 11. Qc2 h6 12. Rfe1 a6 13. h3 Be6 14. Ne5 Bc8 15. Ndf3 Nd7 16. Bh7+ Kf8 17. Nxd7+ Bxd7 18. Bd3 b5 19. b4 Rxe1+ 20. Rxe1 Re8 21. Rxe8+ Kxe8 22. Bf5 Bxf5 23. Qxf5 g6 24. Qc8+ Nd8 25. Ne5 g5 26. Qf5 Qe6 27. Qxe6+ Nxe6 28. g3 f6 29. Ng4 Kf7 30. Nxh6+ Kg6 31. Ng4 f5 32. Ne5+ Kf6 33. Nd7+ Ke7 34. Nb8 Kd6 35. Nxa6 c6 36. Nc5 Nxc5 37. bxc5+ Kc7 38. h4 gxh4 39. gxh4 Kd7 40. Kg2 Ke6 41. Kg3 Kf6 42. Kf4 Kg6 43. Ke5 Kh5 44. Kxf5 Kxh4 45. Ke6 Kg4 46. Kd6 Kf3 47. Kxc6 1-0

[Event "CAN-op U1400"]
[Site "Sault Ste Marie CAN"]
[Date "2017.07.16"]
[Round "9"]
[White "Mainville, Yanic"]
[Black "Zhao, Eric"]
[Result "0-1"]
[WhiteElo "1148"]
[BlackElo "928"]
[WhiteFideId "-1"]
[WhiteFideId "-1"]
[PlyCount "58"]
[GameId "2160767908344066"]
[EventDate "2017.07.08"]
[EventType "swiss"]
[EventRounds "9"]
[EventCountry "CAN"]
[SourceTitle "EXT 2022"]
[Source "ChessBase"]
[SourceDate "2021.10.06"]
[SourceVersion "1"]
[SourceVersionDate "2021.10.06"]
[SourceQuality "1"]

1. e4 c5 2. Nf3 Nc6 3. d4 cxd4 4. Nxd4 Nf6 5. Nc3 a6 6. Be3 e5 7. Nxc6 bxc6 8. Bc4 Be7 9. O-O O-O 10. Qd2 Bb7 11. Rad1 Rc8 12. Bb3 Re8 13. Na4 d5 14. Nb6 Nxe4 15. Qd3 Rb8 16. Kh1 Nf6 17. f4 Bd6 18. fxe5 Bxe5 19. c3 Bc7 20. Na4 Ne4 21. Rf3 Bc8 22. Rdf1 Qh4 23. Bf4 Re7 24. Bxc7 Rxc7 25. Rf4 Qh5 26. Rxe4 Bf5 27. Rxf5 Qxf5 28. Re8+ Rxe8 29. Qxf5 Re1+ 0-1

[Event "CAN-op U1400"]
[Site "Sault Ste Marie CAN"]
[Date "2017.07.16"]
[Round "9"]
[White "Paquin, Jeremy"]
[Black "Qiu, James"]
[Result "0-1"]
[WhiteElo "1188"]
[BlackElo "1152"]
[WhiteFideId "-1"]
[WhiteFideId "-1"]
[PlyCount "91"]
[GameId "2160767908344067"]
[EventDate "2017.07.08"]
[EventType "swiss"]
[EventRounds "9"]
[EventCountry "CAN"]
[SourceTitle "EXT 2022"]
[Source "ChessBase"]
[SourceDate "2021.10.06"]
[SourceVersion "1"]
[SourceVersionDate "2021.10.06"]
[SourceQuality "1"]

1. e4 e6 2. d4 d5 3. Nd2 Nf6 4. e5 Nfd7 5. Ngf3 c5 6. c3 Nc6 7. Bd3 Qb6 8. Qb3 c4 9. Qxb6 Nxb6 10. Bc2 Bd7 11. O-O Be7 12. Re1 O-O 13. Nf1 f5 14. exf6 Bxf6 15. Bg5 Ne7 16. Ng3 Nbc8 17. Bxf6 Rxf6 18. Re2 Nd6 19. Rae1 Raf8 20. Ne5 Be8 21. f3 Rf4 22. Ng4 Bf7 23. Rf2 Be8 24. Ne2 R4f7 25. Ng3 Ndc8 26. h4 Nc6 27. Rfe2 Bd7 28. Kf2 Rf4 29. Ne5 Nxe5 30. Rxe5 Rxh4 31. Ne2 Ne7 32. g3 Rh6 33. Kg2 Rhf6 34. Nf4 Nc6 35. Rh5 g6 36. Rg5 Ne7 37. Nh5 R6f7 38. Rh1 Rc8 39. Nf4 Nf5 40. Kf2 Ng7 41. Ke2 Re8 42. Kf2 Rc8 43. Ng2 Rcf8 44. f4 Rc8 45. Ne3 Rc6 46. Ng4 0-1

[Event "CAN-op U1400"]
[Site "Sault Ste Marie CAN"]
[Date "2017.07.16"]
[Round "9"]
[White "Vo, Peter"]
[Black "Li, Gabriel"]
[Result "1-0"]
[WhiteElo "1362"]
[BlackElo "813"]
[WhiteFideId "-1"]
[WhiteFideId "-1"]
[PlyCount "61"]
[GameId "2160767908344069"]
[EventDate "2017.07.08"]
[EventType "swiss"]
[EventRounds "9"]
[EventCountry "CAN"]
[SourceTitle "EXT 2022"]
[Source "ChessBase"]
[SourceDate "2021.10.06"]
[SourceVersion "1"]
[SourceVersionDate "2021.10.06"]
[SourceQuality "1"]

1. e4 e5 2. Nf3 Nc6 3. Bb5 Nf6 4. O-O Bc5 5. d3 O-O 6. Bxc6 dxc6 7. Nxe5 Re8 8. Nf3 Qe7 9. h3 Rd8 10. Bg5 h6 11. Bh4 g5 12. Bg3 Be6 13. Qe2 Kf8 14. Nc3 Ke8 15. Rad1 Kd7 16. d4 Bb6 17. d5 cxd5 18. exd5 Bf5 19. Qxe7+ Kxe7 20. Rfe1+ Kd7 21. Ne5+ Kc8 22. Nxf7 Rf8 23. Nxh6 Bxc2 24. Rd2 Bg6 25. Re6 Kb8 26. d6 cxd6 27. Bxd6+ Kc8 28. Bxf8 Bd8 29. Red6 Kc7 30. Nb5+ Kc8 31. Rxd8# 1-0

[Event "CAN-op U1400"]
[Site "Sault Ste Marie CAN"]
[Date "2017.07.16"]
[Round "9"]
[White "Wang, Arthur D"]
[Black "Chen, Alina Yuexi"]
[Result "0-1"]
[WhiteElo "634"]
[BlackElo "670"]
[WhiteFideId "-1"]
[WhiteFideId "-1"]
[PlyCount "80"]
[GameId "2160767908344070"]
[EventDate "2017.07.08"]
[EventType "swiss"]
[EventRounds "9"]
[EventCountry "CAN"]
[SourceTitle "EXT 2022"]
[Source "ChessBase"]
[SourceDate "2021.10.06"]
[SourceVersion "1"]
[SourceVersionDate "2021.10.06"]
[SourceQuality "1"]

1. d4 d5 2. Nf3 Nf6 3. e3 Nbd7 4. Bd3 e6 5. O-O Bd6 6. b3 O-O 7. Bb2 Re8 8. Nbd2 e5 9. dxe5 Nxe5 10. Nxe5 Bxe5 11. Bxe5 Rxe5 12. Nf3 Re8 13. Re1 Bg4 14. h3 Bh5 15. Qe2 Qe7 16. Bb5 c6 17. Bd3 Rad8 18. Rac1 Rd6 19. Rcd1 Re6 20. Bf5 Re5 21. g4 Bg6 22. Bxg6 fxg6 23. Nxe5 Qxe5 24. Kf1 Qe4 25. Qd2 Qh1+ 26. Ke2 Qxh3 27. f3 Qg2+ 28. Kd3 Qxf3 29. Qe2 Qe4+ 30. Kd2 Qb4+ 31. c3 Ne4+ 32. Kc1 Nxc3 33. Qd2 Qa3+ 34. Kc2 Nxd1 35. Rxd1 Qxa2+ 36. Kc3 Qxd2+ 37. Rxd2 Rxe3+ 38. Kb4 a5+ 39. Kxa5 Rxb3 40. Rd4 b5 0-1

[Event "CAN-op U1400"]
[Site "Sault Ste Marie CAN"]
[Date "2017.07.16"]
[Round "9"]
[White "Wang, David"]
[Black "Mukherjee, Pranoy"]
[Result "1/2-1/2"]
[WhiteElo "1263"]
[BlackElo "1049"]
[WhiteFideId "-1"]
[WhiteFideId "-1"]
[PlyCount "48"]
[GameId "2160767908344071"]
[EventDate "2017.07.08"]
[EventType "swiss"]
[EventRounds "9"]
[EventCountry "CAN"]
[SourceTitle "EXT 2022"]
[Source "ChessBase"]
[SourceDate "2021.10.06"]
[SourceVersion "1"]
[SourceVersionDate "2021.10.06"]
[SourceQuality "1"]

1. d4 d5 2. c4 e6 3. Nc3 c6 4. Nf3 dxc4 5. e4 b5 6. Bf4 Nd7 7. Be2 Bb4 8. O-O Ngf6 9. Qc2 Bb7 10. Bg5 Qc7 11. e5 Nd5 12. Nxd5 cxd5 13. a3 Ba5 14. b4 Bb6 15. a4 bxa4 16. Qxa4 Bc6 17. b5 Bb7 18. Qb4 f6 19. exf6 Nxf6 20. Bxf6 gxf6 21. Rfd1 e5 22. dxe5 fxe5 23. Ne1 Qc5 24. Bh5+ Kd8 1/2-1/2

[Event "CAN-op U1800"]
[Site "Sault Ste Marie CAN"]
[Date "2017.07.08"]
[Round "1.22"]
[White "Itkin, Victor"]
[Black "Faust, Steven"]
[Result "1-0"]
[WhiteElo "1761"]
[BlackElo "1602"]
[WhiteFideId "-1"]
[WhiteFideId "-1"]
[PlyCount "75"]
[GameId "2160767908344073"]
[EventDate "2017.07.08"]
[EventType "swiss"]
[EventRounds "9"]
[EventCountry "CAN"]
[SourceTitle "hb 2017"]

1. e4 e6 2. d4 d5 3. Nd2 Bd7 4. Ngf3 dxe4 5. Nxe4 Bc6 6. Bd3 Nd7 7. O-O Bxe4 8. Bxe4 c6 9. c3 Ngf6 10. Bc2 g6 11. Bg5 Bg7 12. Qd2 O-O 13. Rad1 Qa5 14. a4 Rad8 15. b4 Qc7 16. Bf4 Qc8 17. Rfe1 Rfe8 18. Bg5 c5 19. dxc5 Nxc5 20. Qf4 Rxd1 21. Rxd1 Ncd7 22. c4 Nd5 23. Qd2 Qxc4 24. Bd3 Qc3 25. Bb5 Qxd2 26. Nxd2 N5f6 27. Bxf6 Nxf6 28. Bxe8 Nxe8 29. Ne4 Be5 30. Rd7 Nc7 31. g3 Nd5 32. Rxb7 Bd4 33. Nd6 f5 34. Nb5 e5 35. Nxd4 exd4 36. Kf1 Nc3 37. Rxa7 d3 38. Ke1 1-0

[Event "CAN-op U1800"]
[Site "Sault Ste Marie CAN"]
[Date "2017.07.08"]
[Round "1.23"]
[White "McNichol, Paul"]
[Black "Schmiege, Glen"]
[Result "1/2-1/2"]
[WhiteElo "1556"]
[BlackElo "1721"]
[WhiteFideId "-1"]
[WhiteFideId "-1"]
[PlyCount "66"]
[GameId "2160767908344074"]
[EventDate "2017.07.08"]
[EventType "swiss"]
[EventRounds "9"]
[EventCountry "CAN"]
[SourceTitle "hb 2017"]

1. e4 e5 2. Nf3 Nf6 3. Nc3 Bb4 4. Bc4 Bxc3 5. bxc3 d6 6. d3 b6 7. h3 Nbd7 8. O-O h6 9. Re1 O-O 10. Nh2 Nc5 11. f4 Be6 12. Bb3 Qd7 13. f5 Bxb3 14. axb3 d5 15. Ng4 Nxg4 16. Qxg4 Kh7 17. Qh5 f6 18. Ba3 Rfd8 19. Rad1 dxe4 20. dxe4 Qe8 21. Qxe8 Rxe8 22. Bxc5 bxc5 23. Rd7 Red8 24. Red1 Rxd7 25. Rxd7 c4 26. Rxc7 cxb3 27. cxb3 a5 28. Rb7 a4 29. bxa4 Rxa4 30. Rb4 Ra3 31. c4 Re3 32. c5 Rc3 33. Kf2 Rxc5 1/2-1/2

[Event "CAN-op U1800"]
[Site "Sault Ste Marie CAN"]
[Date "2017.07.08"]
[Round "1.24"]
[White "White, Chris"]
[Black "McGilly, Craig"]
[Result "0-1"]
[WhiteElo "1720"]
[BlackElo "1524"]
[WhiteFideId "-1"]
[WhiteFideId "-1"]
[PlyCount "80"]
[GameId "2160767908344075"]
[EventDate "2017.07.08"]
[EventType "swiss"]
[EventRounds "9"]
[EventCountry "CAN"]
[SourceTitle "hb 2017"]

1. d4 Nf6 2. c4 b6 3. Nc3 Bb7 4. Bg5 e6 5. e3 Be7 6. Nf3 d5 7. Bd3 Nbd7 8. O-O c5 9. cxd5 Nxd5 10. Bxe7 Qxe7 11. e4 Nf4 12. Bb5 O-O 13. Qa4 Rfd8 14. Rad1 cxd4 15. Qxd4 Nf8 16. Qe3 N8g6 17. g3 Nh5 18. a3 Nf6 19. h3 Rac8 20. Bd3 Rc5 21. Rd2 Qc7 22. Nb5 Qb8 23. Nh2 Ne5 24. Nc3 Nxd3 25. Rxd3 Qa8 26. f3 Rh5 27. Kg2 Rc5 28. Rfd1 Rxd3 29. Qxd3 Rc8 30. Ng4 Nxg4 31. hxg4 g6 32. Qd4 Bc6 33. Rd2 Qb7 34. Qf6 Qc7 35. Rd1 b5 36. Kf2 Qb6+ 37. Ke2 a5 38. Rd2 b4 39. axb4 axb4 40. Nb1 Bb5+ 0-1

[Event "CAN-op U1800"]
[Site "Sault Ste Marie CAN"]
[Date "2017.07.08"]
[Round "1.25"]
[White "Toussaint, Claude"]
[Black "Inkpen, Wane"]
[Result "1/2-1/2"]
[WhiteElo "1516"]
[BlackElo "1696"]
[WhiteFideId "-1"]
[WhiteFideId "-1"]
[PlyCount "62"]
[GameId "2160767908344076"]
[EventDate "2017.07.08"]
[EventType "swiss"]
[EventRounds "9"]
[EventCountry "CAN"]
[SourceTitle "hb 2017"]

1. e4 d5 2. exd5 Qxd5 3. Nc3 Qd6 4. d4 Nf6 5. Nf3 c6 6. Be2 Bg4 7. O-O h6 8. Qd3 Nbd7 9. Re1 O-O-O 10. a3 e6 11. Be3 Qc7 12. b4 Bxf3 13. Bxf3 Ne5 14. Qe2 Nxf3+ 15. Qxf3 Bd6 16. g3 Nd5 17. Nxd5 exd5 18. Rab1 h5 19. Bf4 Bxf4 20. Qxf4 Qxf4 21. gxf4 Rde8 22. Re3 Rxe3 23. fxe3 Rh6 24. Kf2 Rg6 25. a4 a6 26. Rc1 b5 27. axb5 cxb5 28. Ra1 Rc6 29. Rc1 Kd7 30. Kf3 f5 31. h4 Rg6 1/2-1/2

[Event "CAN-op U1800"]
[Site "Sault Ste Marie CAN"]
[Date "2017.07.08"]
[Round "1.26"]
[White "Sadler, Craig"]
[Black "Armstrong, Robert J"]
[Result "0-1"]
[WhiteElo "1642"]
[BlackElo "1503"]
[WhiteFideId "-1"]
[WhiteFideId "-1"]
[PlyCount "30"]
[GameId "2160767908344077"]
[EventDate "2017.07.08"]
[EventType "swiss"]
[EventRounds "9"]
[EventCountry "CAN"]
[SourceTitle "hb 2017"]

1. e4 g6 2. d4 Bg7 3. Nc3 d6 4. Be3 Nf6 5. Qd2 O-O 6. f3 a6 7. Bd3 b5 8. g4 e5 9. h4 Ne8 10. h5 exd4 11. Bh6 dxc3 12. bxc3 Bxh6 13. Qxh6 g5 14. O-O-O Qf6 15. Qxf6 Nxf6 0-1

[Event "CAN-op U1800"]
[Site "Sault Ste Marie CAN"]
[Date "2017.07.08"]
[Round "1.27"]
[White "Sadler, Kirk"]
[Black "Benggawan, Undriadi"]
[Result "0-1"]
[WhiteElo "1422"]
[BlackElo "1639"]
[WhiteFideId "-1"]
[WhiteFideId "-1"]
[PlyCount "66"]
[GameId "2160767908344078"]
[EventDate "2017.07.08"]
[EventType "swiss"]
[EventRounds "9"]
[EventCountry "CAN"]
[SourceTitle "hb 2017"]

1. e4 g6 2. d4 Bg7 3. Nc3 c5 4. Be3 e6 5. Qd2 cxd4 6. Bxd4 Nf6 7. f3 Nc6 8. Be3 h5 9. Bc4 a6 10. O-O-O b5 11. Bb3 Bb7 12. Nge2 Rc8 13. Bg5 Qc7 14. Kb1 Na5 15. Nd4 Nh7 16. Ndxb5 axb5 17. Nxb5 Qc6 18. Qxa5 O-O 19. Be3 Ra8 20. Qb4 Ba6 21. Nd6 Rfb8 22. Qc5 Bf8 23. Qxc6 dxc6 24. e5 Be7 25. h4 Nf8 26. g4 Be2 27. Rd2 Bxf3 28. Rf1 Bxd6 29. exd6 Bxg4 30. Bg5 Nd7 31. c3 Rb5 32. Rf4 Bf5+ 33. Kc1 Rxb3 0-1

[Event "CAN-op U1800"]
[Site "Sault Ste Marie CAN"]
[Date "2017.07.08"]
[Round "1.28"]
[White "Crnilovic, Grisha"]
[Black "Thomson, Bruce"]
[Result "1-0"]
[WhiteElo "1617"]
[BlackElo "1371"]
[WhiteFideId "-1"]
[WhiteFideId "-1"]
[PlyCount "97"]
[GameId "2160767908344079"]
[EventDate "2017.07.08"]
[EventType "swiss"]
[EventRounds "9"]
[EventCountry "CAN"]
[SourceTitle "hb 2017"]

1. e4 c6 2. d4 d5 3. exd5 cxd5 4. c4 Nf6 5. Nc3 Nc6 6. Nf3 Bg4 7. Be3 dxc4 8. Bxc4 e6 9. O-O Be7 10. h3 Bh5 11. g4 Bg6 12. Ne5 Nxe5 13. dxe5 Nd7 14. f4 h6 15. Bb5 a6 16. Bxd7+ Qxd7 17. Qxd7+ Kxd7 18. Rad1+ Kc6 19. f5 exf5 20. gxf5 Bh5 21. Rc1 Bg5 22. Bxg5 hxg5 23. Na4+ Kb5 24. Nc3+ Kb6 25. Nd5+ Ka7 26. Rc7 Rhd8 27. Ne3 Rac8 28. Rfc1 Rxc7 29. Rxc7 Kb8 30. Re7 b5 31. e6 Rf8 32. Ng4 fxe6 33. fxe6 Re8 34. Rxg7 Rxe6 35. Rxg5 Bxg4 36. Rxg4 Rh6 37. Kg2 Kc7 38. Kg3 Kd6 39. Rg5 Ke6 40. h4 Kf6 41. Kg4 Rg6 42. Rxg6+ Kxg6 43. Kf4 a5 44. Ke4 Kh5 45. Kd4 Kxh4 46. Kc5 Kg5 47. Kxb5 a4 48. Kxa4 Kf6 49. Kb5 1-0

[Event "CAN-op U1800"]
[Site "Sault Ste Marie CAN"]
[Date "2017.07.09"]
[Round "2.22"]
[White "McGilly, Craig"]
[Black "Itkin, Victor"]
[Result "1/2-1/2"]
[WhiteElo "1524"]
[BlackElo "1761"]
[WhiteFideId "-1"]
[WhiteFideId "-1"]
[PlyCount "109"]
[GameId "2160767908344080"]
[EventDate "2017.07.08"]
[EventType "swiss"]
[EventRounds "9"]
[EventCountry "CAN"]
[SourceTitle "hb 2017"]

1. c4 e5 2. Nc3 Nf6 3. g3 d5 4. cxd5 Nxd5 5. Bg2 Be6 6. Nf3 Nd7 7. O-O Be7 8. d4 exd4 9. Nxd4 Nxc3 10. bxc3 c6 11. Nxe6 fxe6 12. Rb1 Qc7 13. Be3 Rd8 14. Qb3 b6 15. Qxe6 Nb8 16. Rfd1 c5 17. Bg5 Rd6 18. Rxd6 Qxd6 19. Qxe7+ Qxe7 20. Bxe7 Kxe7 21. Rd1 Nd7 22. f4 Nf6 23. Bf3 h6 24. e4 g5 25. e5 Nd7 26. Kf2 h5 27. h4 gxf4 28. gxf4 Ke6 29. Rg1 Nxe5 30. fxe5 Kxe5 31. Rg5+ Kf6 32. Rxh5 Rb8 33. Rh7 a5 34. Rb7 Rxb7 35. Bxb7 b5 36. a3 b4 37. cxb4 cxb4 38. axb4 axb4 39. Ke3 Kg7 40. Kd3 Kh8 41. Kc4 Kg7 42. Be4 b3 43. Kxb3 Kh8 44. Kb2 Kg7 45. Kc3 Kh8 46. Kd4 Kg7 47. Ke5 Kh8 48. Kf5 Kg7 49. Kg5 Kh8 50. Kf6 Kg8 51. Kg6 Kh8 52. h5 Kg8 53. Bf5 Kh8 54. Bc2 Kg8 55. Kf6 1/2-1/2

[Event "CAN-op U1800"]
[Site "Sault Ste Marie CAN"]
[Date "2017.07.09"]
[Round "2.23"]
[White "Benggawan, Undriadi"]
[Black "Crnilovic, Grisha"]
[Result "1/2-1/2"]
[WhiteElo "1639"]
[BlackElo "1617"]
[WhiteFideId "-1"]
[WhiteFideId "-1"]
[PlyCount "118"]
[GameId "2160767908344081"]
[EventDate "2017.07.08"]
[EventType "swiss"]
[EventRounds "9"]
[EventCountry "CAN"]
[SourceTitle "hb 2017"]

1. d4 e5 2. dxe5 Nc6 3. Nf3 Qe7 4. Nbd2 Nxe5 5. Nxe5 Qxe5 6. Nf3 Qd6 7. Qd3 Qxd3 8. cxd3 Nf6 9. e4 Bb4+ 10. Bd2 Bxd2+ 11. Nxd2 O-O 12. d4 Re8 13. Bd3 Nxe4 14. Nxe4 d5 15. Kd2 dxe4 16. Rhe1 Bf5 17. Bc4 Rad8 18. Kc3 Be6 19. b3 c6 20. Re3 b5 21. Be2 f5 22. Re1 Bd5 23. g3 g5 24. Bh5 f4 25. R3e2 Re6 26. f3 e3 27. gxf4 gxf4 28. Rg1+ Kf8 29. Kd3 Rh6 30. Rg5 Bf7 31. Bxf7 Kxf7 32. Reg2 Rg6 33. R5g4 Rdg8 34. Rxf4+ Ke7 35. Re4+ Kd7 36. Rgg4 Rxg4 37. fxg4 Rg6 38. h4 Kd6 39. Kxe3 c5 40. dxc5+ Kxc5 41. g5 Ra6 42. b4+ Kd5 43. Rd4+ Ke5 44. Rd2 Ra3+ 45. Kf2 Rh3 46. Rd7 Rxh4 47. Rxa7 Rxb4 48. Rxh7 Kf5 49. Ra7 Kxg5 50. Ke3 Ra4 51. Rxa4 bxa4 52. Kd4 Kf4 53. Kc4 Ke4 54. Kb4 Kd4 55. a3 Kd5 56. Kxa4 Kc4 57. Ka5 Kc5 58. a4 Kc6 59. Ka6 Kc7 1/2-1/2